000 00575nam a2200133Ia 4500
008 171207s9999 xx 000 0 und d
100 _aWilloughby, Michael T.
245 _aDevelopmental Delays in Executive Function from 3 to 5 Years of Age Predict Kindergarten Academic Readiness
245 _cMichael T. Willoughby, Brooke Magnus, Lynne Vernon-Feagans, Clancy B. Blair, Family Life Project Investigators
260 _c2017
300 _apages 359-72, July/August 2017
440 _aJournal of Learning Disabilities
_v50:4
650 _aEXECUTIVE FUNCTION, ACADEMIC SKILL
999 _c347556
_d347556